| 000 | 00552nam a2200229Ia 4500 | ||
|---|---|---|---|
| 003 | OSt | ||
| 005 | 20220601161056.0 | ||
| 008 | 210210b2011 xxu||||| |||| 00| 0 eng d | ||
| 020 | _a8121919878 | ||
| 040 | _cAL | ||
| 041 | _aeng | ||
| 082 | _a620.8 RAMC | ||
| 100 |
_aRAMAWAT (K G) _939991 |
||
| 245 | _aComprehensive biotechnology | ||
| 250 | _a4 Rev. | ||
| 260 |
_aNew Delhi _bS. Chand & Co. Ltd. _c2011 |
||
| 300 | _axiii,706 | ||
| 690 |
_aBiotechnology _939992 |
||
| 700 |
_aGOYAL (Shaily) _939993 |
||
| 906 | _a067042 | ||
| 942 |
_2ddc _cBK |
||
| 999 |
_c149416 _d149416 |
||